[Rezension von: Dieter Burdorf, Zerbrechlichkeit. Über Fragmente in der Literatur]
Gespeichert in:
| Veröffentlicht in: | Regards croisés 12(2022), Seite 119-120 |
|---|---|
| VerfasserIn: | |
| Dokumenttyp: | Online-Ressource Aufsatz |
| Sprache: | French |
| Veröffentlicht: |
2022
|
| Schlagwörter: | |
| Online Zugang: | kostenfrei kostenfrei |
| Bibliogr. Hinweis: | Enthalten in:
Regards croisés Rezension von: Zerbrechlichkeit |
| Verantwortlich: | Christoph Haffter |
| LEADER | 01941caa a2200397 c 4500 | ||
|---|---|---|---|
| 001 | 1878209434 | ||
| 003 | DE-627 | ||
| 005 | 20260511171602.0 | ||
| 007 | cr uuu---uuuuu | ||
| 008 | 240116s2022 xx |||||oo 00| ||fre c | ||
| 024 | 7 | |a 10.57732/rc.2022.12.94981 |2 doi | |
| 035 | |a (DE-627)1878209434 | ||
| 035 | |a (DE-599)KXP1878209434 | ||
| 035 | |a (OCoLC)1425060296 | ||
| 040 | |a DE-627 |b ger |c DE-627 |e rda | ||
| 041 | |a fre | ||
| 084 | |a KUNST |q DE-16 |2 fid | ||
| 100 | 1 | |a Haffter, Christoph |d 1988- |e VerfasserIn |0 (DE-588)1033001074 |0 (DE-627)739941291 |0 (DE-576)380480484 |4 aut | |
| 245 | 1 | 0 | |a [Rezension von: Dieter Burdorf, Zerbrechlichkeit. Über Fragmente in der Literatur] |c Christoph Haffter |
| 264 | 1 | |c 2022 | |
| 300 | |b Illustrationen | ||
| 336 | |a Text |b txt |2 rdacontent | ||
| 337 | |a Computermedien |b c |2 rdamedia | ||
| 338 | |a Online-Ressource |b cr |2 rdacarrier | ||
| 655 | 7 | |a Rezension |0 (DE-588)4049712-4 |0 (DE-627)106186019 |0 (DE-576)209083166 |2 gnd-content | |
| 773 | 0 | 8 | |i Enthalten in |t Regards croisés |d Paris : Institut National d’Histoire de l’Art, 2013 |g 12(2022), Seite 119-120 |h Online-Ressource |w (DE-627)832785571 |w (DE-600)2830060-9 |w (DE-576)442942508 |x 2509-4750 |7 nnas |
| 773 | 1 | 8 | |g volume:12 |g year:2022 |g pages:119-120 |
| 787 | 0 | 8 | |i Rezension von |a Burdorf, Dieter, 1960 - |t Zerbrechlichkeit |d Göttingen : Wallstein Verlag, 2020 |h 135 Seiten |w (DE-627)1683761219 |z 9783835336551 |z 383533655X |
| 856 | 4 | 0 | |u https://doi.org/10.57732/rc.2022.12.94981 |x Verlag |x Resolving-System |z kostenfrei |3 Volltext |7 0 |
| 856 | 4 | 0 | |u https://journals.ub.uni-heidelberg.de/index.php/rc/article/view/94981 |x Verlag |z kostenfrei |3 Volltext |7 0 |
| 912 | |a ZDB-282-AAE-article | ||
| 951 | |a AR | ||
| 994 | |u https://ahnp.ub.uni-heidelberg.de/journals/rc/article/view/94981 | ||
| 994 | |u https://ahnp.ub.uni-heidelberg.de/journals/rc/article/view/94981 | ||
| 991 | |a Rezension (Monographie, Zeitschrift, Aufsatz) | ||
| 999 | |a KXP-PPN1878209434 |e 4967440665 | ||


